000 00873nam a2200265 i 4500
001 000027326
003 DO-SdBNP
005 20260527142956.0
007 ta
008 110331s1996 dr ac 000 | spa d
040 _aDO-SdBNP
_bspa
_cBNPHU
_erda
041 _aspa
082 4 _axxx
_bxxx
_222
100 1 _aJiménez Olevarrieta, José de Js.,
_d[1937-2012]
_eautor
_4aut.
_986821
245 0 0 _aDr. Erik Leonard Ekman :
_bmemorias botánicas /
_crecolección, José de Js. Jiménez Olavarrieta.
250 _aprimera edición
264 1 _aSantiago, República Dominicana :
_bE. León Jimenes,
_c1996.
300 _a95 páginas :
_bilustraciones, retratos ;
_c21 cm.
336 _atexto
_btxt
_2rdacontent
337 _asin mediación
_bn
_2rdamedia
338 _avolumen
_bnc
_2rdacarrier
590 _aInventariado, 2024/ YL
910 _aYLockward
942 _2ddc
_cLBS1
999 _c26818
_d26818